000
00258nam a2200097Ia 4500
005
20251222113744.0
008
251222s1900||||xx |||||||||||||| ||spa||
082
_a
DVD0150/C24/2010
245
0
_a
Saint Philip Neri, i prefer heaven:Prefiero el paraĆso
942
_c
DVD
999
_c
732
_d
732